[Event "Verden op-B"]
[Site "Verden"]
[Date "2023.01.07"]
[Round "5"]
[White "Sturm, Tobias"]
[Black "Falke, Philipp"]
[Result "1-0"]
[WhiteElo "1944"]
[BlackElo "1494"]
[PlyCount "75"]
[EventDate "2023.01.05"]
[EventType "swiss"]
[EventRounds "7"]
[EventCountry "GER"]
[SourceTitle "CBM 212 Extra"]
[Source "ChessBase"]
[SourceDate "2023.03.31"]
[SourceVersion "1"]
[SourceVersionDate "2023.03.31"]
[SourceQuality "1"]

1. e4 c5 2. c3 e6 3. Nf3 Nc6 4. d4 d5 5. e5 cxd4 6. cxd4 Nge7 7. Bd3 Bd7 8. Nc3 Ng6 9. 0-0 Be7 10. g3 0-0 11. h4 Bb4 12. Ne2 f6 13. h5 Nge7 14. exf6 Rxf6 15. Nf4 Bd6 16. Re1 Qb6 17. Ng5 Bxf4 18. Bxh7+ Kh8 19. Bxf4 Qxd4 20. Qxd4 Nxd4 21. Bd3 Nec6 22. Re3 Re8 23. Rae1 Nd8 24. Be5 Nf5 25. Rf3 Rff8 26. g4 Nh6 27. Rxf8+ Rxf8 28. Bd6 Re8 29. Bg6 Rg8 30. Bc7 Be8 31. f3 Bxg6 32. hxg6 Re8 33. Bxd8 Rxd8 34. Rxe6 Kg8 35. Re7 d4 36. Ne6 Rb8 37. Rxg7+ Kh8 38. Rh7+ 1-0

[Event "Verden op-B"]
[Site "Verden"]
[Date "2023.01.06"]
[Round "4"]
[White "Trunz, Tamila"]
[Black "Sturm, Tobias"]
[Result "1-0"]
[WhiteElo "1494"]
[BlackElo "1944"]
[PlyCount "53"]
[EventDate "2023.01.05"]
[EventType "swiss"]
[EventRounds "7"]
[EventCountry "GER"]
[SourceTitle "CBM 212 Extra"]
[Source "ChessBase"]
[SourceDate "2023.03.31"]
[SourceVersion "1"]
[SourceVersionDate "2023.03.31"]
[SourceQuality "1"]

1. e4 c5 2. Nf3 d6 3. d4 cxd4 4. Nxd4 Nf6 5. Nc3 a6 6. Be2 e6 7. 0-0 Be7 8. f4 Qc7 9. Qe1 b5 10. a3 Bb7 11. Bf3 Nfd7 12. f5 Qc4 13. fxe6 fxe6 14. Be3 Ne5 15. Be2 Qc8 16. Qg3 g6 17. Bh6 Nbc6 18. Nxc6 Qxc6 19. Bg7 Rg8 20. Bf6 Qc5+ 21. Kh1 Bxf6 22. Rxf6 Ke7 23. Raf1 Raf8 24. Qh4 Rxf6 25. Rxf6 Rg7 26. Rxg6+ Kf7 27. Qf6+ 1-0

[Event "Verden op-B"]
[Site "Verden"]
[Date "2023.01.05"]
[Round "2"]
[White "Ramme, Georg"]
[Black "Sturm, Tobias"]
[Result "0-1"]
[WhiteElo "1607"]
[BlackElo "1944"]
[PlyCount "52"]
[EventDate "2023.01.05"]
[EventType "swiss"]
[EventRounds "7"]
[EventCountry "GER"]
[SourceTitle "CBM 212 Extra"]
[Source "ChessBase"]
[SourceDate "2023.03.31"]
[SourceVersion "1"]
[SourceVersionDate "2023.03.31"]
[SourceQuality "1"]

1. Nf3 Nf6 2. d4 g6 3. c4 Bg7 4. Nc3 0-0 5. e4 d6 6. Be2 Na6 7. 0-0 e5 8. dxe5 dxe5 9. Bg5 h6 10. Bh4 Qe8 11. Bxf6 Bxf6 12. Nd5 Bg7 13. Qc2 c6 14. Ne3 f5 15. exf5 gxf5 16. Rfd1 e4 17. Ne1 f4 18. Nf1 Qe5 19. Nd2 e3 20. Ne4 Nb4 21. Qb1 exf2+ 22. Kxf2 Bf5 23. Bf3 Rae8 24. a3 Na6 25. Nd3 Qd4+ 26. Kf1 Bxe4 0-1

[Event "Oberliga Nord W 2122"]
[Site "Germany"]
[Date "2022.05.01"]
[Round "9.6"]
[White "Sturm, Tobias"]
[Black "Bierenbroodspot, Paul"]
[Result "0-1"]
[WhiteElo "1998"]
[BlackElo "2078"]
[PlyCount "68"]
[EventDate "2021.10.10"]
[EventType "team-tourn"]
[EventRounds "9"]
[EventCountry "GER"]
[SourceTitle "EXT 2023"]
[Source "ChessBase"]
[SourceDate "2022.10.05"]
[SourceVersion "1"]
[SourceVersionDate "2022.10.05"]
[SourceQuality "1"]
[WhiteTeam "Delmenhorst"]
[BlackTeam "Nordhorn Blanke"]
[WhiteTeamCountry "GER"]
[BlackTeamCountry "GER"]

1. e4 e5 2. Nf3 Nc6 3. Bb5 a6 4. Bxc6 dxc6 5. d4 exd4 6. Qxd4 Qxd4 7. Nxd4 c5 8. Nb3 b6 9. Bf4 Bd6 10. Bxd6 cxd6 11. Nc3 Nf6 12. 0-0-0 Ke7 13. f3 h5 14. a4 Be6 15. Nd2 Rab8 16. Rhe1 Rhd8 17. Nd5+ Bxd5 18. exd5+ Kf8 19. Ne4 Nxe4 20. Rxe4 Re8 21. Rde1 b5 22. axb5 axb5 23. Kd2 Rxe4 24. Rxe4 Ra8 25. Rh4 g6 26. g4 Ra4 27. c3 Kg7 28. b3 Ra2+ 29. Ke3 hxg4 30. fxg4 Rb2 31. Kd3 Rxb3 32. Kc2 Ra3 33. Kb2 Ra4 34. h3 Re4 0-1

[Event "Oberliga Nord W 1920"]
[Site "Germany"]
[Date "2021.07.11"]
[Round "9.6"]
[White "Heinemann, Ernst"]
[Black "Sturm, Tobias"]
[Result "1-0"]
[WhiteElo "2135"]
[BlackElo "2019"]
[PlyCount "82"]
[EventDate "2019.09.29"]
[EventType "team-tourn"]
[EventRounds "9"]
[EventCountry "GER"]
[SourceTitle "EXT 2023"]
[Source "ChessBase"]
[SourceDate "2022.10.05"]
[SourceVersion "1"]
[SourceVersionDate "2022.10.05"]
[SourceQuality "1"]
[WhiteTeam "Oldenburg Union"]
[BlackTeam "Delmenhorst"]
[WhiteTeamCountry "GER"]
[BlackTeamCountry "GER"]

1. e4 c5 2. Nf3 d6 3. Bb5+ Nd7 4. 0-0 a6 5. Bxd7+ Bxd7 6. Qe2 e6 7. b3 Nf6 8. Bb2 e5 9. Rd1 Nh5 10. c3 Nf4 11. Qe3 Bb5 12. d4 Ne2+ 13. Kh1 Nxc3 14. Qxc3 cxd4 15. Qe1 Qc7 16. Na3 Bc6 17. Rac1 Rc8 18. Nc4 b6 19. Nh4 g6 20. f4 Bh6 21. Ba3 Bf8 22. fxe5 dxe5 23. Bxf8 Kxf8 24. Nf3 f6 25. Qb4+ Kg7 26. Qxb6 Bxe4 27. Qxc7+ Rxc7 28. Nd6 Rxc1 29. Rxc1 Bxf3 30. Rc7+ Kh6 31. gxf3 Ra8 32. Kg2 Kg5 33. Ne4+ Kf4 34. Nxf6 Ke3 35. Ng4+ Kd2 36. Nxe5 h5 37. Rd7 Kc3 38. Kf2 Re8 39. f4 g5 40. Nf3 Re4 41. Nxg5 d3 1-0

[Event "Oberliga Nord W 1920"]
[Site "Germany"]
[Date "2019.11.24"]
[Round "3.5"]
[White "Hoegy, Kevin"]
[Black "Sturm, Tobias"]
[Result "1-0"]
[WhiteElo "2242"]
[BlackElo "2024"]
[PlyCount "37"]
[EventDate "2019.09.29"]
[EventType "team-tourn"]
[EventRounds "9"]
[EventCountry "GER"]
[SourceTitle "CBM 195 Extra"]
[Source "ChessBase"]
[SourceDate "2020.05.31"]
[SourceVersion "1"]
[SourceVersionDate "2020.05.31"]
[SourceQuality "1"]

1. d4 Nf6 2. Nf3 g6 3. c4 Bg7 4. Nc3 0-0 5. Bg5 d6 6. e3 c5 7. d5 h6 8. Bh4 g5 9. Bg3 Nh5 10. Bd3 f5 11. Nd2 Nxg3 12. hxg3 e5 13. g4 e4 14. Bc2 f4 15. Ndxe4 fxe3 16. f3 Rf4 17. Qd3 Qf8 18. Nxg5 hxg5 19. Rh8+ 1-0

[Event "Oberliga Nord W 1920"]
[Site "Germany"]
[Date "2019.10.20"]
[Round "2.7"]
[White "Sturm, Tobias"]
[Black "Bierenbroodspot, Paul"]
[Result "0-1"]
[WhiteElo "2032"]
[BlackElo "2111"]
[PlyCount "54"]
[EventDate "2019.09.29"]
[EventType "team-tourn"]
[EventRounds "9"]
[EventCountry "GER"]
[SourceTitle "CBM 195 Extra"]
[Source "ChessBase"]
[SourceDate "2020.05.31"]
[SourceVersion "1"]
[SourceVersionDate "2020.05.31"]
[SourceQuality "1"]

1. e4 d5 2. exd5 Nf6 3. d4 Bg4 4. f3 Bf5 5. Bb5+ Nbd7 6. Nc3 a6 7. Ba4 b5 8. Bb3 Nb6 9. Nge2 Nfxd5 10. Ne4 e6 11. Bg5 f6 12. Bh4 Ne3 13. Qd3 Nxg2+ 14. Kf2 Nxh4 15. N2g3 Qd7 16. Rhe1 0-0-0 17. c3 Bh3 18. a4 e5 19. axb5 axb5 20. Ra7 Qc6 21. Ne2 Be7 22. Kg3 Bd7 23. Nc5 Bxc5 24. dxc5 Nf5+ 25. Qxf5 Bxf5 26. cxb6 Qxb6 27. Rea1 Qe3 0-1

[Event "Oberliga Nord W 1819"]
[Site "Germany"]
[Date "2019.02.24"]
[Round "7.7"]
[White "Sturm, Tobias"]
[Black "Zur Lage, Julian"]
[Result "1/2-1/2"]
[WhiteElo "2027"]
[BlackElo "2119"]
[PlyCount "59"]
[EventDate "2018.10.21"]
[EventType "team-tourn"]
[EventRounds "9"]
[EventCountry "GER"]
[SourceTitle "EXT 2020"]
[Source "ChessBase"]
[SourceDate "2019.10.17"]
[SourceVersion "1"]
[SourceVersionDate "2019.10.17"]
[SourceQuality "1"]
[WhiteTeam "Delmenhorst"]
[BlackTeam "Hellern"]
[WhiteTeamCountry "GER"]
[BlackTeamCountry "GER"]

1. e4 e5 2. Nf3 Nc6 3. Bb5 a6 4. Bxc6 dxc6 5. 0-0 Bg4 6. h3 h5 7. d3 Qf6 8. Be3 Bxf3 9. Qxf3 Qxf3 10. gxf3 Bd6 11. Nd2 Ne7 12. Kh2 0-0-0 13. Rg1 g6 14. Bg5 Rhe8 15. Nc4 Rd7 16. a4 Kb8 17. Rgb1 Nc8 18. b4 Nb6 19. Na5 Re6 20. Be3 f5 21. Bc5 Nc8 22. Nb3 fxe4 23. fxe4 b6 24. Bxd6 cxd6 25. Rg1 Rf7 26. Ra2 Ref6 27. Rf1 Ne7 28. Nd2 Kc7 29. f3 Rf8 30. Rg1 1/2-1/2

[Event "Oberliga Nord W 1819"]
[Site "Germany"]
[Date "2018.12.16"]
[Round "4.6"]
[White "Sturm, Tobias"]
[Black "Hampel, Felix"]
[Result "0-1"]
[WhiteElo "2027"]
[BlackElo "2206"]
[PlyCount "56"]
[EventDate "2018.10.21"]
[EventType "team-tourn"]
[EventRounds "9"]
[EventCountry "GER"]
[SourceTitle "EXT 2020"]
[Source "ChessBase"]
[SourceDate "2019.10.17"]
[SourceVersion "1"]
[SourceVersionDate "2019.10.17"]
[SourceQuality "1"]
[WhiteTeam "Delmenhorst"]
[BlackTeam "Lister Turm"]
[WhiteTeamCountry "GER"]
[BlackTeamCountry "GER"]

1. e4 c5 2. c3 Nf6 3. e5 Nd5 4. Nf3 e6 5. d4 cxd4 6. cxd4 d6 7. Bc4 Be7 8. 0-0 0-0 9. Qe2 b6 10. Nbd2 a5 11. Ne4 dxe5 12. dxe5 Ba6 13. Bg5 Bxg5 14. Nfxg5 h6 15. Nf3 Nf4 16. Qc2 Qc7 17. Rfc1 Bb7 18. Nd6 Bxf3 19. gxf3 Qe7 20. Bf1 Nd7 21. Qe4 Qg5+ 22. Kh1 Nxe5 23. Nc4 Ned3 24. Rc2 Rac8 25. Rd2 f5 26. Qd4 Rfd8 27. Qxb6 Rxc4 28. Qxe6+ Nxe6 0-1

[Event "Oberliga Nord W 1819"]
[Site "Germany"]
[Date "2018.11.11"]
[Round "2.5"]
[White "Usachyi, Vladimir"]
[Black "Sturm, Tobias"]
[Result "1-0"]
[WhiteElo "2123"]
[BlackElo "2027"]
[PlyCount "87"]
[EventDate "2018.10.21"]
[EventType "team-tourn"]
[EventRounds "9"]
[EventCountry "GER"]
[SourceTitle "EXT 2020"]
[Source "ChessBase"]
[SourceDate "2019.10.17"]
[SourceVersion "1"]
[SourceVersionDate "2019.10.17"]
[SourceQuality "1"]
[WhiteTeam "Hannover"]
[BlackTeam "Delmenhorst"]
[WhiteTeamCountry "GER"]
[BlackTeamCountry "GER"]

1. d4 Nf6 2. c4 g6 3. Nc3 Bg7 4. e4 d6 5. Be2 0-0 6. Bg5 h6 7. Be3 Na6 8. Qd2 Kh7 9. h3 e5 10. d5 Nc5 11. Bf3 Nfxe4 12. Nxe4 Nxe4 13. Bxe4 f5 14. Bc2 f4 15. 0-0-0 fxe3 16. fxe3 Qh4 17. Qd3 e4 18. Qxe4 Qxe4 19. Bxe4 Re8 20. Bd3 Rxe3 21. Nf3 Bd7 22. Nh4 Rg3 23. Rhf1 Rf8 24. Rxf8 Bxf8 25. Nxg6 Kg8 26. Nxf8 Kxf8 27. Be4 Kg7 28. Rd3 Rg5 29. Kd2 Kf6 30. Ra3 a6 31. b4 Ke5 32. Ke3 Rh5 33. Rc3 Rh4 34. Bf3 Be8 35. a3 Bf7 36. Rc1 Bg8 37. Kd3 Bf7 38. Re1+ Kf6 39. Bg4 b5 40. g3 bxc4+ 41. Kxc4 Rxg4+ 42. hxg4 c6 43. Rf1+ Kg6 44. Rxf7 1-0

[Event "Oberliga Nord W 1718"]
[Site "Germany"]
[Date "2018.02.25"]
[Round "7.6"]
[White "Virag, Attila Aba"]
[Black "Sturm, Tobias"]
[Result "1/2-1/2"]
[WhiteElo "2265"]
[BlackElo "2031"]
[PlyCount "83"]
[EventDate "2017.10.08"]
[EventType "team-tourn"]
[EventRounds "9"]
[EventCountry "GER"]
[SourceTitle "EXT 2019"]
[Source "ChessBase"]
[SourceDate "2018.10.10"]
[SourceVersion "1"]
[SourceVersionDate "2018.10.10"]
[SourceQuality "1"]
[WhiteTeam "Liste Turm"]
[BlackTeam "Delmenhorst"]
[WhiteTeamCountry "GER"]
[BlackTeamCountry "GER"]

1. e4 c5 2. Nf3 d6 3. d4 cxd4 4. Qxd4 Nf6 5. h3 Nc6 6. Bb5 Qa5+ 7. Nc3 Qxb5 8. Nxb5 Nxd4 9. Nfxd4 e5 10. Nf3 Kd8 11. Bg5 a6 12. Nc3 Be7 13. 0-0-0 Kc7 14. Bxf6 Bxf6 15. Nd5+ Kc6 16. Rd3 Bd8 17. Rhd1 Be6 18. c3 a5 19. Kb1 g6 20. Nd2 b5 21. c4 b4 22. a3 Rb8 23. axb4 axb4 24. Nb3 Bg5 25. Ne3 Be7 26. Kc2 Rhc8 27. Ra1 Kb6 28. Nd2 Ra8 29. Rxa8 Rxa8 30. Nd5+ Bxd5 31. Rxd5 Ra1 32. c5+ dxc5 33. Nc4+ Kb5 34. Nxe5 Bf6 35. Nxf7 Bd4 36. Nd6+ Kc6 37. Nc4 Rf1 38. Na5+ Kb5 39. Nb3 Rxf2+ 40. Kd3 Bxb2 41. Rxc5+ Kb6 42. Rc2 1/2-1/2

[Event "Bremen Silvester op"]
[Site "Bremen"]
[Date "2017.12.29"]
[Round "6"]
[White "Sturm, Tobias"]
[Black "Hoerstmann, Rudi"]
[Result "0-1"]
[WhiteElo "2028"]
[BlackElo "2252"]
[PlyCount "64"]
[EventDate "2017.12.27"]
[EventType "swiss"]
[EventRounds "7"]
[EventCountry "GER"]
[SourceTitle "CBM 182 Extra"]
[Source "ChessBase"]
[SourceDate "2018.02.23"]
[SourceVersion "1"]
[SourceVersionDate "2018.02.23"]
[SourceQuality "1"]

1. e4 g6 2. d4 Bg7 3. Nc3 d6 4. f4 a6 5. Nf3 b5 6. Bd3 Nd7 7. a4 b4 8. Ne2 c5 9. c3 bxc3 10. bxc3 Ngf6 11. 0-0 0-0 12. e5 Ne8 13. Qb3 cxd4 14. cxd4 Rb8 15. Qa2 dxe5 16. fxe5 Nxe5 17. Nxe5 Bxe5 18. dxe5 Qxd3 19. Rf3 Qe4 20. Re3 Qh4 21. g3 Qg4 22. Ba3 Be6 23. Qc2 Rc8 24. Qd1 Ng7 25. Bxe7 Nf5 26. Bxf8 Nxe3 27. Qd3 Qf3 28. Nf4 Bd5 29. Re1 Qh1+ 30. Kf2 Ng4+ 31. Ke2 Qxh2+ 32. Kd1 Nf2+ 0-1

[Event "Oberliga Nord W 1617"]
[Site "Germany"]
[Date "2017.02.05"]
[Round "5.8"]
[White "Usachyi, Vladimir"]
[Black "Sturm, Tobias"]
[Result "1-0"]
[WhiteElo "2134"]
[BlackElo "2035"]
[PlyCount "87"]
[EventDate "2016.10.16"]
[EventType "team-tourn"]
[EventRounds "9"]
[EventCountry "GER"]
[SourceTitle "EXT 2018"]
[Source "ChessBase"]
[SourceDate "2017.10.13"]
[SourceVersion "1"]
[SourceVersionDate "2017.10.13"]
[SourceQuality "1"]
[WhiteTeam "Hannover"]
[BlackTeam "Delmenhorst"]
[WhiteTeamCountry "GER"]
[BlackTeamCountry "GER"]

1. d4 Nf6 2. c4 g6 3. Nc3 Bg7 4. e4 d6 5. Be2 0-0 6. Bg5 Na6 7. Nf3 e5 8. dxe5 dxe5 9. Qxd8 Rxd8 10. Nd2 c6 11. 0-0-0 Nc5 12. Nb3 Nxb3+ 13. axb3 Be6 14. f3 Rd7 15. Rxd7 Nxd7 16. Kc2 Bf8 17. Nd5 cxd5 18. cxd5 Rc8+ 19. Kb1 Bxd5 20. exd5 Nb6 21. Rd1 Bd6 22. Be3 Kf8 23. h4 f6 24. g4 Rc7 25. Bd3 Ke7 26. Be4 Kf8 27. h5 g5 28. h6 Nc8 29. Rc1 Rxc1+ 30. Kxc1 b6 31. Bxh7 Kf7 32. Be4 Ne7 33. Kc2 Ng6 34. Kc3 Nh8 35. Kc4 Ke7 36. Kb5 Kd7 37. Ka6 Bc5 38. Bxc5 bxc5 39. Kxa7 Kc7 40. Ka6 Kd6 41. Kb5 Nf7 42. h7 Nh8 43. Kc4 Nf7 44. Bg6 1-0

[Event "Oberliga Nord W 1516"]
[Site "Germany"]
[Date "2016.01.31"]
[Round "6.7"]
[White "Usachyi, Vladimir"]
[Black "Sturm, Tobias"]
[Result "0-1"]
[WhiteElo "2121"]
[BlackElo "2023"]
[PlyCount "98"]
[EventDate "2015.09.20"]
[EventType "team-tourn"]
[EventRounds "9"]
[EventCountry "GER"]
[SourceTitle "EXT 2017"]
[Source "ChessBase"]
[SourceDate "2016.10.25"]
[SourceVersion "1"]
[SourceVersionDate "2016.10.25"]
[SourceQuality "1"]
[WhiteTeam "Hannover"]
[BlackTeam "Delmenhorst"]
[WhiteTeamCountry "GER"]
[BlackTeamCountry "GER"]

1. d4 Nf6 2. c4 g6 3. Nc3 Bg7 4. e4 d6 5. Be2 0-0 6. Bg5 Na6 7. Qd2 e5 8. Nf3 Qe8 9. d5 Nc5 10. Qc2 a5 11. 0-0 Ng4 12. h3 h6 13. hxg4 hxg5 14. Nxg5 Qe7 15. Nh3 Bh6 16. Na4 Nxa4 17. Qxa4 Qh4 18. Qd1 Kg7 19. Kh2 Bf4+ 20. Kh1 Rh8 21. Qd3 Bd7 22. Kg1 Rh7 23. Rfd1 Rah8 24. Kf1 Bxg4 25. Bxg4 Qxg4 26. Ng1 Rh1 27. Qf3 Qxf3 28. gxf3 R8h3 29. Ke2 R3h2 30. Rf1 Rg2 31. Kd3 Rhh2 32. Ne2 Rxf2 33. Nxf4 exf4 34. Rxf2 Rxf2 35. c5 Kf6 36. b4 axb4 37. cxd6 cxd6 38. Rb1 Rxf3+ 39. Kd4 Ra3 40. Rxb4 Rxa2 41. Rxb7 Ra4+ 42. Kd3 g5 43. Rd7 Ra6 44. Rd8 g4 45. Rg8 g3 46. Rg4 Ra3+ 47. Kd4 Rf3 48. Rg8 Rf2 49. Rg4 g2 0-1

[Event "Oberliga Nord W 1516"]
[Site "Germany"]
[Date "2015.09.20"]
[Round "1.8"]
[White "Sturm, Tobias"]
[Black "Tchetchelnitski, Mikhail"]
[Result "0-1"]
[WhiteElo "2023"]
[BlackElo "2125"]
[PlyCount "44"]
[EventDate "2015.09.20"]
[EventType "team-tourn"]
[EventRounds "9"]
[EventCountry "GER"]
[SourceTitle "CBM 170 Extra"]
[Source "ChessBase"]
[SourceDate "2016.02.25"]
[SourceVersion "1"]
[SourceVersionDate "2016.02.25"]
[SourceQuality "1"]
[WhiteTeam "Delmenhorst"]
[BlackTeam "Bremer SG"]
[WhiteTeamCountry "GER"]
[BlackTeamCountry "GER"]

1. e4 d6 2. d4 Nf6 3. Nc3 Nbd7 4. f4 e5 5. Nf3 exd4 6. Qxd4 Be7 7. Bc4 0-0 8. 0-0 d5 9. Kh1 Bc5 10. Qd3 dxc4 11. Qxc4 c6 12. e5 Nd5 13. Nxd5 cxd5 14. Qxd5 Qe7 15. Qe4 f6 16. Bd2 fxe5 17. fxe5 h6 18. Rae1 Re8 19. Nh4 Nf8 20. Rf3 Be6 21. Ref1 Rad8 22. Bxh6 Rd4 0-1

[Event "Oberliga Nord W 1415"]
[Site "Germany"]
[Date "2015.02.22"]
[Round "7.6"]
[White "Sturm, Tobias"]
[Black "Bade, Hans Juergen"]
[Result "0-1"]
[WhiteElo "2059"]
[BlackElo "2047"]
[PlyCount "120"]
[EventDate "2014.09.22"]
[EventType "team-tourn"]
[EventRounds "9"]
[EventCountry "GER"]
[SourceTitle "EXT 2016"]
[Source "ChessBase"]
[SourceDate "2015.10.08"]
[SourceVersion "1"]
[SourceVersionDate "2015.10.08"]
[SourceQuality "1"]
[WhiteTeam "Delmenhorst"]
[BlackTeam "Hellern"]
[WhiteTeamCountry "GER"]
[BlackTeamCountry "GER"]

1. e4 e6 2. d4 d5 3. Nd2 Nf6 4. e5 Nfd7 5. Bd3 c5 6. c3 Nc6 7. Ne2 cxd4 8. cxd4 Qb6 9. Nf3 Bb4+ 10. Bd2 Bxd2+ 11. Qxd2 Qb4 12. Rc1 f6 13. Nf4 Qxd2+ 14. Kxd2 Ndxe5 15. dxe5 fxe5 16. Nh5 e4 17. Bxe4 dxe4 18. Ng5 0-0 19. Nxe4 e5 20. f3 Be6 21. a3 Rad8+ 22. Ke3 Rd4 23. Rc5 Rfd8 24. Rhc1 Rd3+ 25. Kf2 Rb3 26. R1c2 Bf7 27. Nhg3 Bg6 28. R5c3 Rb6 29. b4 Kf8 30. h4 a5 31. bxa5 Nxa5 32. Rc8 Re8 33. Rxe8+ Bxe8 34. Rc8 Rc6 35. Rb8 g6 36. Nf1 h5 37. Ne3 b5 38. Kg3 Nc4 39. Nd5 Kf7 40. Rxb5 Nxa3 41. Rb7+ Ke6 42. Nc7+ Kd7 43. Nb5+ Kc8 44. Ned6+ Kd8 45. Rb8+ Kd7 46. Rxe8 Nxb5 47. Rxe5 Nxd6 48. Kf4 Rc4+ 49. Kg3 Nf5+ 50. Kf2 Nxh4 51. Ra5 Ke6 52. Ra6+ Kf7 53. Ra7+ Kf6 54. Ra6+ Kg5 55. Ra5+ Nf5 56. Ra6 Rc2+ 57. Kg1 Nh4 58. Kh1 Nxg2 59. Kh2 Kh4 60. Kg1 Nf4 0-1

[Event "Oberliga Nord W 1415"]
[Site "Germany"]
[Date "2014.09.22"]
[Round "1.5"]
[White "Sturm, Tobias"]
[Black "Cordes, Klaus"]
[Result "0-1"]
[WhiteElo "2073"]
[BlackElo "2233"]
[PlyCount "118"]
[EventDate "2014.09.22"]
[EventType "team-tourn"]
[EventRounds "9"]
[EventCountry "GER"]
[SourceTitle "EXT 2016"]
[Source "ChessBase"]
[SourceDate "2015.10.08"]
[SourceVersion "1"]
[SourceVersionDate "2015.10.08"]
[SourceQuality "1"]
[WhiteTeam "Delmenhorst"]
[BlackTeam "Lister Turm"]
[WhiteTeamCountry "GER"]
[BlackTeamCountry "GER"]

1. e4 c5 2. c3 d6 3. d4 Nf6 4. Bd3 g6 5. Nf3 Bg7 6. 0-0 0-0 7. h3 cxd4 8. cxd4 Nc6 9. Nc3 e5 10. dxe5 dxe5 11. Bc4 Qa5 12. Qb3 Nd4 13. Nxd4 exd4 14. Nd5 Nxd5 15. Bxd5 Qb6 16. Rd1 Be6 17. Bxe6 fxe6 18. Qxb6 axb6 19. e5 Bxe5 20. Re1 Ra5 21. f4 Bg7 22. Rxe6 Rb5 23. b4 Ra8 24. Bd2 Kf7 25. Rae1 Bf8 26. R6e4 Rd5 27. Ra1 Rc8 28. Kf2 Rc2 29. Ke1 d3 30. a4 Bg7 31. Rc1 Bc3 32. Rd1 Bd4 33. g3 Rd7 34. Kf1 Ra2 35. b5 Bc5 36. Be3 Rh2 37. Kg1 Re2 38. Bxc5 Rxe4 39. Bxb6 Rxa4 40. Be3 Ra2 41. b6 Re2 42. Bf2 Ke6 43. Kg2 Rd5 44. Kf3 Rc2 45. Be3 Rh2 46. h4 Rc2 47. Re1 Kd6 48. Rd1 Kc6 49. g4 Kb5 50. Ke4 Kc4 51. f5 gxf5+ 52. gxf5 Rd8 53. f6 Re8+ 54. Kf3 Rf8 55. Bg5 h6 56. Bxh6 Rxf6+ 57. Bf4 d2 58. Ke4 Rxf4+ 59. Kxf4 Kd3 0-1

[Event "Oberliga Nord W 1213"]
[Site "Germany"]
[Date "2013.04.14"]
[Round "9.8"]
[White "Sturm, Tobias"]
[Black "Rust Lux, Klaus"]
[Result "1-0"]
[WhiteElo "2061"]
[BlackElo "2095"]
[PlyCount "85"]
[EventDate "2012.10.14"]
[EventType "team-tourn"]
[EventRounds "9"]
[EventCountry "GER"]
[SourceTitle "EXT 2014"]
[Source "ChessBase"]
[SourceDate "2013.11.20"]
[SourceVersion "1"]
[SourceVersionDate "2013.11.20"]
[SourceQuality "1"]
[WhiteTeam "Delmenhorst"]
[BlackTeam "Bremer SG"]
[WhiteTeamCountry "GER"]
[BlackTeamCountry "GER"]

1. e4 c5 2. c3 d5 3. exd5 Qxd5 4. d4 Nf6 5. Nf3 e6 6. Be3 cxd4 7. cxd4 Nc6 8. Nc3 Qd6 9. a3 Be7 10. Bd3 0-0 11. 0-0 b6 12. Qe2 Bb7 13. Rad1 Rac8 14. Rfe1 Rfd8 15. Bb1 a6 16. d5 exd5 17. Bxb6 Re8 18. Na4 Bf8 19. Qd3 Rxe1+ 20. Rxe1 Ne7 21. b4 Ng6 22. Bd4 Ne4 23. Nc5 Nxc5 24. Bxc5 Qf6 25. Bxf8 Kxf8 26. Ba2 Rc1 27. Bxd5 Ne5 28. Qe2 Rxe1+ 29. Qxe1 Nxf3+ 30. Bxf3 Bxf3 31. gxf3 Qxf3 32. Qc1 Qg4+ 33. Kf1 h5 34. Qc5+ Kg8 35. Qe3 h4 36. h3 Qc4+ 37. Kg2 g6 38. Kf3 Kg7 39. Qe5+ Kh7 40. Qf4 Qb3+ 41. Kg4 f5+ 42. Kg5 Qxh3 43. Qc7+ 1-0

[Event "Bremen-ch op"]
[Site "Bremen"]
[Date "2013.03.24"]
[Round "3"]
[White "Sturm, Tobias"]
[Black "Mulde, Ralf"]
[Result "1/2-1/2"]
[WhiteElo "2061"]
[BlackElo "2017"]
[PlyCount "50"]
[EventDate "2013.03.23"]
[EventType "swiss"]
[EventRounds "9"]
[EventCountry "GER"]
[SourceTitle "EXT 2022"]
[Source "ChessBase"]
[SourceDate "2021.10.06"]
[SourceVersion "1"]
[SourceVersionDate "2021.10.06"]
[SourceQuality "1"]

1. e4 Nf6 2. Nc3 e5 3. Bc4 c6 4. Nf3 d5 5. exd5 cxd5 6. Bb5+ Bd7 7. Nxe5 d4 8. Nxd7 Nbxd7 9. Ne2 Bc5 10. 0-0 0-0 11. d3 Ne5 12. Re1 Qa5 13. Bc4 Nxc4 14. dxc4 Rad8 15. Nf4 Bb4 16. Re2 Qc7 17. b3 Bd6 18. g3 Rfe8 19. Nd3 Ne4 20. Qe1 Qc6 21. Bb2 Ng5 22. Rxe8+ Rxe8 23. Qf1 Nf3+ 24. Kh1 Ne1+ 25. Kg1 Nf3+ 1/2-1/2

[Event "Oberliga Nord W 1213"]
[Site "Germany"]
[Date "2013.01.13"]
[Round "5.7"]
[White "Sturm, Tobias"]
[Black "Markgraf, Stefan"]
[Result "1-0"]
[WhiteElo "2061"]
[BlackElo "2101"]
[PlyCount "135"]
[EventDate "2012.10.14"]
[EventType "team-tourn"]
[EventRounds "9"]
[EventCountry "GER"]
[SourceTitle "EXT 2014"]
[Source "ChessBase"]
[SourceDate "2013.11.20"]
[SourceVersion "1"]
[SourceVersionDate "2013.11.20"]
[SourceQuality "1"]
[WhiteTeam "Delmenhorst"]
[BlackTeam "Goettingen Tempo"]
[WhiteTeamCountry "GER"]
[BlackTeamCountry "GER"]

1. e4 e5 2. Nf3 Nc6 3. d4 exd4 4. Nxd4 Bc5 5. Nxc6 bxc6 6. Nd2 Qf6 7. Qf3 d6 8. Nb3 Bb6 9. a4 Bd4 10. Nxd4 Qxd4 11. Bd2 Nf6 12. Bc3 Qxe4+ 13. Qxe4+ Nxe4 14. Bxg7 Rg8 15. Bh6 Be6 16. f3 Nf6 17. Kf2 Bf5 18. Bc4 Nd5 19. Rhe1+ Kd7 20. Re2 Rg6 21. Bc1 h5 22. g3 Re6 23. c3 Rae8 24. Bd2 Rxe2+ 25. Bxe2 c5 26. Bc4 Be6 27. b3 Rb8 28. g4 hxg4 29. fxg4 Nf6 30. Bxe6+ fxe6 31. Kf3 Rxb3 32. g5 Ng8 33. h4 Rb2 34. Be1 Ke7 35. Kg4 Kf7 36. h5 Ne7 37. Bh4 Nf5 38. Rf1 Rg2+ 39. Kh3 Re2 40. Re1 Rxe1 41. Bxe1 a6 42. Bf2 Kg7 43. Kg4 Kf7 44. Kf4 Kg7 45. c4 Kf7 46. Be1 c6 47. Bf2 Kg7 48. Be1 Kf7 49. Bc3 Nd4 50. Ba5 e5+ 51. Kg4 Ne6 52. Kf5 Nd4+ 53. Kg4 Ne6 54. Be1 Nd4 55. Bh4 d5 56. g6+ Kg7 57. Be7 dxc4 58. Kg5 Nf3+ 59. Kf5 c3 60. Bxc5 Nh4+ 61. Kxe5 Nxg6+ 62. hxg6 Kxg6 63. Kd6 c2 64. Ba3 Kf7 65. Kxc6 Ke6 66. a5 Ke5 67. Kb6 Kd5 68. Kb7 1-0